000 01543nam a2200193 4500
005 20251118121720.0
008 251118b |||||||| |||| 00| 0 eng d
020 _a9783836536974
041 _aEnglish
082 _a700
_bGRI
100 _aGrimme Karin H.
_9214987
245 _aImpressionism
260 _bTaschen
_c2207
300 _a95
365 _b1469.24
_cRS.00
520 _a• Pictures Created From Light And Colour • Frédéric Bazille – Still Life with Fish • Marie Bracquemond – Afternoon Tea • Gustave Caillebotte – The Floor Strippers • Mary Cassatt – Woman with a Pearl • Edgar Degas – Dancer at rest • Vincent Van Gogh – Portrait of Pere Tanguy • Armand Guillaumin – Sunset at Ivry • Wassily Kandinsky – The Ludwigskirche in Munich • Max Liebermann - The Birch Avenue in the Wannsee Garden, looking West • Claude Monet – Le pont de I’Europe • Berthe Morisot - Psyche • Giuseppe De Nittis - Flirt • Camille Pissarro - Hoarfrost • Pierre-Auguste Renoir -Lise with Parasol • Medardo Rosso – Aeta Aurea • John Singer Sargent – In the Luxemnourg Gardens • Giovanni Battista Segantini – The Hay Harvest • Georges Seurat – The Bathers at Asnieres • Walter Richard Sickert – The Old Bedford • Paul Signac – Capo di Noli • Alfred Sisley – The Watering Place at Marly-le-Roi • Max Slevogt - Parade • Fritz Von Uhde – The Garden Path • Federico Zandomeneghi – Place d’Anvers, Paris
650 _aArt
942 _cBK
999 _c369103
_d369103